Macworld Office 98 bible / (Record no. 174901)

000 -LEADER
fixed length control field 00982 a2200265 4500
003 - CONTROL NUMBER IDENTIFIER
control field Nust
005 - DATE AND TIME OF LATEST TRANSACTION
control field 20250922160245.0
010 ## - LIBRARY OF CONGRESS CONTROL NUMBER
LC control number 98070591
020 ## - INTERNATIONAL STANDARD BOOK NUMBER
International Standard Book Number 0764540416 :
035 ## - SYSTEM CONTROL NUMBER
System control number (OCoLC)39308199
040 ## - CATALOGING SOURCE
Transcribing agency Nust
082 00 - DEWEY DECIMAL CLASSIFICATION NUMBER
Classification number 005.369,LEV
245 00 - TITLE STATEMENT
Title Macworld Office 98 bible /
Statement of responsibility, etc. Bob LeVitus ... [et al.].
246 30 - VARYING FORM OF TITLE
Title proper/short title Office 98 Bible
246 30 - VARYING FORM OF TITLE
Title proper/short title Office ninety eight bible
260 ## - PUBLICATION, DISTRIBUTION, ETC.
Place of publication, distribution, etc. Foster City, CA :
Name of publisher, distributor, etc. IDG Books Worldwide,
Date of publication, distribution, etc. c1998.
300 ## - PHYSICAL DESCRIPTION
Extent xxxvi, 843 p. :
Other physical details ill. ;
Dimensions 24 cm.
505 ## - FORMATTED CONTENTS NOTE
Formatted contents note Introducing Microsoft Office 98 (Page-1), Word (Page-19), Formatting Documents (Page-71), Previewing and Printing your Documents (Page-103), Working with Tables and Outlines (Page-117), Working with Fields (Page-149).
650 #0 - SUBJECT ADDED ENTRY--TOPICAL TERM
Topical term or geographic name entry element Business
General subdivision Computer programs.
9 (RLIN) 19731
650 #0 - SUBJECT ADDED ENTRY--TOPICAL TERM
Topical term or geographic name entry element Electronic spreadsheets.
650 #0 - SUBJECT ADDED ENTRY--TOPICAL TERM
Topical term or geographic name entry element Presentation graphics software.
9 (RLIN) 99455
650 #0 - SUBJECT ADDED ENTRY--TOPICAL TERM
Topical term or geographic name entry element Word processing.
9 (RLIN) 36793
700 1# - ADDED ENTRY--PERSONAL NAME
Personal name LeVitus, Bob.
9 (RLIN) 130580
942 ## - ADDED ENTRY ELEMENTS (KOHA)
Koha item type Reference
Source of classification or shelving scheme
Holdings
Withdrawn status Lost status Source of classification or shelving scheme Damaged status Not for loan Permanent Location Current Location Shelving location Date acquired Full call number Barcode Date last seen Price effective from Koha item type Public note
          Military College of Signals (MCS) Military College of Signals (MCS) General Stacks 12/12/2016 005.369,LEV MCS27093 12/08/2016 12/12/2016 Book Almirah No.80, Shelf No.5
© 2023 Central Library, National University of Sciences and Technology. All Rights Reserved.